[Event "ECC"]
[Site "Rethymnon"]
[Date "2003.10.02"]
[Round "5"]
[White "Solozhenkin, Evgeniy"]
[Black "Akopian, Vladimir"]
[Result "0-1"]
[WhiteElo "2523"]
[BlackElo "2703"]
[PlyCount "98"]
[EventDate "2003.09.28"]
[Source "Roberto Alvarez"]
[SourceDate "2003.10.06"]

1. d4 Nf6 2. c4 e6 3. Nf3 c5 4. d5 d6 5. Nc3 exd5 6. cxd5 g6 7. g3 Bg7 8. Bg2 O-O 9. O-O Re8 10. Nd2 Nbd7 11. h3 Nh5 12. Nde4 Ndf6 13. Nxf6+ Nxf6 14. a4 a6 15. Bd2 Rb8 16. Qb1 b5 17. axb5 axb5 18. e4 b4 19. Nd1 Bd7 20. Re1 Bb5 21. Kh2 Rb7 22. f3 Nd7 23. f4 h5 24. Ra2 h4 25. g4 g5 26. Ne3 gxf4 27. Nf5 Be5 28. Kh1 Nf8 29. Bf1 Bd7 30. Qc1 b3 31. Ra6 Bxf5 32. gxf5 Qf6 33. Bxf4 Bxb2 34. Qd1 Be5 35. Qg4+ Kh8 36. Bg5 Qg7 37. Qxh4+ Nh7 38. Bh6 Qf6 39. Qh5 b2 40. Bd3 Rg8 41. Bb1 Rb3 42. Rg1 Rbg3 43. Rxg3 Bxg3 44. Ra5 Bf2 45. Bf4 Qg7 46. Qg4 Qf8 47. Qd1 Rg1+ 48. Qxg1 Bxg1 49. Kxg1 Qg7+ 0-1

[Event "Open"]
[Site "Geneve"]
[Date "2004.01.28"]
[Round "5"]
[White "Burmakin, Vladimir"]
[Black "Shariyazdanov, Andrey"]
[Result "0-1"]
[WhiteElo "2590"]
[BlackElo "2580"]
[PlyCount "78"]
[EventDate "2004.??.??"]
[Source "Roberto Alvarez"]
[SourceDate "2004.02.23"]

1. d4 Nf6 2. c4 e6 3. g3 c5 4. d5 exd5 5. cxd5 d6 6. Nc3 g6 7. Bg2 Bg7 8. Nf3 O-O 9. O-O a6 10. a4 Nbd7 11. Nd2 Rb8 12. Nc4 Ne8 13. Bd2 Ne5 14. Na3 Bd7 15. Rb1 b5 16. axb5 axb5 17. b4 cxb4 18. Rxb4 Nc7 19. Nc2 Na6 20. Rb1 b4 21. Ne4 Ba4 22. Ra1 Qd7 23. Bh6 Rfc8 24. Bxg7 Kxg7 25. Rxa4 Qxa4 26. Nd4 Qxd1 27. Rxd1 Rb6 28. Nd2 Rc3 29. f4 Ng4 30. Rb1 Ne3 31. Bf3 Nc7 32. Be4 Ncxd5 33. Bd3 Ra3 34. h3 Nc3 35. Re1 d5 36. Kf2 Ned1+ 37. Kf3 Nb2 38. N2b3 Nxd3 39. exd3 Nb5 0-1

[Event "USA (ch)"]
[Site "?"]
[Date "1996.??.??"]
[Round "?"]
[White "Kaidanov, G."]
[Black "de Firmian, N."]
[Result "1/2-1/2"]
[WhiteElo "2580"]
[BlackElo "2575"]
[PlyCount "87"]
[EventDate "1996.??.??"]
[Source "ChessBase"]
[SourceDate "1996.06.01"]

1. d4 Nf6 2. c4 c5 3. d5 e6 4. Nc3 exd5 5. cxd5 d6 6. Nf3 g6 7. g3 Bg7 8. Bg2 O-O 9. O-O Nbd7 10. h3 a6 11. Bf4 Qe7 12. e4 h6 13. Re1 Ne8 14. h4 Rb8 15. Qd2 Kh7 16. Rab1 b5 17. b4 cxb4 18. Ne2 Ne5 19. Ned4 Bd7 20. Rxb4 Nf6 21. Rbb1 Nfg4 22. Bh3 Rfc8 23. Bxe5 Nxe5 24. Nxe5 dxe5 25. Bxd7 Qxd7 26. Nb3 f5 27. exf5 gxf5 28. Rbc1 Rc4 29. Nc5 Qd6 30. Ne6 Rbc8 31. Rxc4 bxc4 32. Nxg7 Kxg7 33. Qc3 Kf6 34. f4 Qxd5 35. fxe5+ Ke6 36. Qc1 Qc5+ 37. Kg2 Qc6+ 38. Kh2 Ke7 39. Qa3+ Ke8 40. Qc3 Qe6 41. Rb1 Rd8 42. Rb4 f4 43. Rxc4 fxg3+ 44. Kxg3 1/2-1/2

[Event "CSR Ch"]
[Site "Luhacovice CZE"]
[Date "1973.??.??"]
[Round "12"]
[White "Smejkal, Jan"]
[Black "Hort, Vlastimil"]
[Result "1/2-1/2"]
[WhiteElo "2545"]
[BlackElo "2600"]
[PlyCount "26"]
[EventDate "1973.??.??"]
[Source "www.chesslib.no"]
[SourceDate "2004.05.04"]

1. d4 Nf6 2. c4 e6 3. g3 c5 4. d5 exd5 5. cxd5 d6 6. Nc3 g6 7. Bg2 Bg7 8. Nf3 O-O 9. O-O a6 10. a4 Nbd7 11. Nd2 Ne8 12. a5 Rb8 13. Nc4 Ne5 1/2-1/2

[Event "Politiken Cup"]
[Site "Helsingor DAN"]
[Date "2008.07.20"]
[Round "3"]
[White "Eljanov, P."]
[Black "Kurmann, O."]
[Result "1/2-1/2"]
[WhiteElo "2716"]
[BlackElo "2394"]
[PlyCount "78"]
[EventDate "2008.07.19"]
[Source "www.chesslib.no"]
[SourceDate "2004.05.04"]

1. d4 Nf6 2. c4 e6 3. Nf3 c5 4. d5 exd5 5. cxd5 d6 6. Nc3 g6 7. g3 Bg7 8. Bg2 O-O 9. O-O a6 10. a4 Nbd7 11. Bf4 Qc7 12. h3 Re8 13. Rc1 Qb8 14. g4 b5 15. Nd2 Ne5 16. a5 b4 17. Na4 Bd7 18. Nb6 Ra7 19. Nxd7 Rxd7 20. Bg3 g5 21. Qc2 h6 22. e3 Qb5 23. Bxe5 Rxe5 24. Nc4 Re8 25. f4 gxf4 26. Rxf4 Qb8 27. Rcf1 Nh7 28. h4 Qd8 29. Be4 Nf8 30. Qf2 Ree7 31. Bf5 Rb7 32. h5 b3 33. Bd3 Nh7 34. Bxh7+ Kxh7 35. Kg2 Kg8 36. Qe2 Rb4 37. Qd3 Rxc4 38. Rxc4 Qxa5 39. Qxb3 Qd2+ 1/2-1/2

[Event "Makarska"]
[Site "Makarska"]
[Date "1997.10.06"]
[Round "4"]
[White "Tkachiev, Vladislav"]
[Black "Bezold, Michael"]
[Result "1-0"]
[WhiteElo "2615"]
[BlackElo "2490"]
[PlyCount "123"]
[EventDate "1997.10.??"]
[Source "www.chesslib.no"]
[SourceDate "2004.05.04"]

1. d4 Nf6 2. c4 e6 3. Nf3 c5 4. d5 exd5 5. cxd5 d6 6. Nc3 g6 7. Nd2 Nbd7 8. g3 a6 9. a4 Bg7 10. Bg2 O-O 11. O-O Nh5 12. Nce4 Ndf6 13. Nxf6+ Nxf6 14. Nc4 Re8 15. Bf4 Bf8 16. a5 Nh5 17. Bd2 Bd7 18. Nb6 Rb8 19. e4 Bg7 20. Bc3 Nf6 21. Re1 Bb5 22. f4 Nd7 23. Nxd7 Qxd7 24. e5 Qc7 25. Qd2 Rbd8 26. e6 fxe6 27. dxe6 d5 28. Bxg7 Qxg7 29. Re5 d4 30. Rxc5 Rxe6 31. Bd5 Rxd5 32. Rxd5 Qe7 33. Rxb5 axb5 34. Qxd4 Rd6 35. Qc3 Rc6 36. Re1 Qd7 37. Qe5 Rc2 38. b4 Rc4 39. Qe8+ Qxe8 40. Rxe8+ Kf7 41. Rb8 Rxb4 42. Rxb7+ Ke6 43. Rxh7 Ra4 44. Rb7 Rxa5 45. Kg2 Kf5 46. Kh3 g5 47. fxg5 Kxg5 48. Rb6 Kh5 49. Rc6 b4 50. Rb6 Ra4 51. Rb5+ Kg6 52. g4 Ra3+ 53. Kh4 Rb3 54. Rb6+ Kf7 55. g5 Rb2 56. h3 b3 57. Kh5 Rb1 58. h4 b2 59. Kh6 Rh1 60. g6+ Ke7 61. Rxb2 Rxh4+ 62. Kg7 1-0

[Event "Corr"]
[Site "?"]
[Date "1996.11.01"]
[Round "?"]
[White "Kilgour David A.(SCO)"]
[Black "Prizant Michael (ENG)"]
[Result "1-0"]
[WhiteElo "2580"]
[BlackElo "2515"]
[PlyCount "95"]
[EventDate "1996.??.??"]
[Source "www.chesslib.no"]
[SourceDate "2004.05.04"]

1. d4 Nf6 2. c4 e6 3. Nf3 c5 4. d5 exd5 5. cxd5 d6 6. Nc3 g6 7. g3 Bg7 8. Bg2 O-O 9. O-O a6 10. a4 Nbd7 11. Bf4 Qc7 12. Qd2 Re8 13. Rfb1 Ng4 14. h3 Nge5 15. Nxe5 Nxe5 16. b3 f5 17. Rc1 Bd7 18. Qa2 Nf7 19. Rab1 b5 20. b4 g5 21. Be3 Rxe3 22. fxe3 Rb8 23. axb5 axb5 24. e4 c4 25. exf5 Bxf5 26. e4 Qb6+ 27. Kh2 Bg6 28. Qd2 Ne5 29. Rf1 Nd3 30. Nd1 h6 31. Ne3 Qd4 32. Nf5 Bxf5 33. exf5 Re8 34. Qd1 Re3 35. Qh5 Qe5 36. Rf3 Re2 37. Rg1 Qf6 38. Rff1 Re3 39. Ra1 c3 40. Ra2 Re7 41. Rf1 Kh7 42. Re2 Ne5 43. Be4 Nc4 44. Bd3 Ne5 45. Bc2 Kg8 46. Kg2 Nc4 47. Rxe7 Qxe7 48. f6 1-0

[Event "Boca Juniors op"]
[Site "Buenos Aires"]
[Date "1998.05.16"]
[Round "9"]
[White "Sorokin, Maxim"]
[Black "Hoffman, Alejandro"]
[Result "1-0"]
[WhiteElo "2575"]
[BlackElo "2510"]
[PlyCount "79"]
[EventDate "1998.05.07"]
[Source "ChessBase"]
[SourceDate "1998.07.07"]

1. d4 Nf6 2. c4 c5 3. d5 g6 4. Nc3 d6 5. Nf3 Bg7 6. g3 e6 7. Bg2 exd5 8. cxd5 O-O 9. O-O a6 10. a4 Nbd7 11. Bf4 Qe7 12. h3 Rb8 13. e4 Ne8 14. Re1 b5 15. axb5 axb5 16. Ra7 Qd8 17. Bf1 b4 18. Na4 f6 19. b3 Ne5 20. Nxe5 fxe5 21. Be3 Nc7 22. h4 Bd7 23. Nb2 Nb5 24. Bxb5 Bxb5 25. Qg4 Qc8 26. Qxc8 Rfxc8 27. Kg2 h6 28. Bd2 Rf8 29. Nc4 Bxc4 30. bxc4 Rf7 31. Ra6 Rd7 32. Rea1 h5 33. Kf1 Kh7 34. Ke2 Bh6 35. Ra7 Rbb7 36. Rxb7 Rxb7 37. Bg5 b3 38. Rb1 Bxg5 39. hxg5 b2 40. Kd3 1-0

[Event "11, USA Open"]
[Site "11, USA op"]
[Date "1987.??.??"]
[Round "?"]
[White "Alburt, Lev O"]
[Black "Browne, Walter S"]
[Result "1-0"]
[WhiteElo "2575"]
[BlackElo "2505"]
[PlyCount "55"]
[EventDate "1987.??.??"]
[Source "www.chesslib.no"]
[SourceDate "2004.05.04"]

1. d4 Nf6 2. c4 e6 3. g3 c5 4. d5 exd5 5. cxd5 d6 6. Nc3 g6 7. Nf3 Bg7 8. Bg2 O-O 9. O-O a6 10. a4 Nbd7 11. Re1 Qc7 12. Bf1 c4 13. h3 Rb8 14. e4 Re8 15. Bf4 Nh5 16. Be3 Nc5 17. e5 Nb3 18. g4 Nxa1 19. Qxa1 dxe5 20. gxh5 Bf5 21. h6 Bf8 22. a5 Qc8 23. Ng5 Ra8 24. Nge4 Be7 25. d6 Bh4 26. Kh2 Rd8 27. Bb6 Rd7 28. Qd1 1-0

[Event "Ch"]
[Site "Portland, OR USA"]
[Date "1987.??.??"]
[Round "?"]
[White "Alburt, Lev O"]
[Black "Browne, Walter S"]
[Result "1-0"]
[WhiteElo "2575"]
[BlackElo "2505"]
[PlyCount "65"]
[EventDate "1987.??.??"]
[Source "www.chesslib.no"]
[SourceDate "2004.05.04"]

1. d4 Nf6 2. c4 e6 3. g3 c5 4. d5 exd5 5. cxd5 d6 6. Nc3 g6 7. Nf3 Bg7 8. Bg2 O-O 9. O-O a6 10. a4 Nbd7 11. Re1 Qc7 12. Bf1 c4 13. h3 Rb8 14. e4 Re8 15. Bf4 Nh5 16. Be3 Nc5 17. e5 Nb3 18. g4 Nxa1 19. Qxa1 dxe5 20. gxh5 Bf5 21. h6 Bh8 22. a5 Qc8 23. Ng5 Bf6 24. Nge4 Be7 25. d6 Bh4 26. Kh2 Rd8 27. Bb6 Rd7 28. Qd1 Qf8 29. Qd5 Re8 30. Be3 Be6 31. Qxe5 f5 32. Bd4 fxe4 33. Qh8+ 1-0

[Event "Yekaterinburg"]
[Site "?"]
[Date "1999.??.??"]
[Round "?"]
[White "Yevseev, D."]
[Black "Sherbakov, R."]
[Result "1/2-1/2"]
[WhiteElo "2535"]
[BlackElo "2540"]
[PlyCount "81"]
[EventDate "1999.??.??"]
[Source "Chess Informant"]
[SourceDate "1999.06.01"]

1. d4 Nf6 2. c4 e6 3. Nf3 c5 4. d5 exd5 5. cxd5 d6 6. Nc3 g6 7. g3 Bg7 8. Bg2 O-O 9. O-O a6 10. a4 Nbd7 11. h3 Qe7 12. Re1 Rb8 13. e4 h6 14. Bf4 Nh5 15. Bd2 Qf6 16. Qc1 g5 17. Nd1 Qg6 18. Ne3 Ndf6 19. e5 Ne4 20. Nc4 b5 21. Nxd6 Nxd6 22. exd6 Qxd6 23. Bc3 Bb7 24. axb5 axb5 25. Bxg7 Nxg7 26. Ne5 Nf5 27. Qc3 Bxd5 28. Bxd5 Qxd5 29. Ng4 b4 30. Qf6 Nd4 31. Re3 Qc6 32. Qxc6 Nxc6 33. Nf6+ Kg7 34. Nd7 Nd4 35. Nxb8 Rxb8 36. Rc1 Ne6 37. Kg2 Rd8 38. Rc2 Kf6 39. Rf3+ Ke7 40. Re3 Rd5 41. Re1 1/2-1/2

[Event "69th ch-BLR"]
[Site "Minsk"]
[Date "2003.03.10"]
[Round "11"]
[White "Dydyshko, Viacheslav"]
[Black "Kovalev, Andrei"]
[Result "1/2-1/2"]
[WhiteElo "2536"]
[BlackElo "2539"]
[PlyCount "288"]
[EventDate "2003.02.28"]
[Source "Roberto Alvarez"]
[SourceDate "2003.04.07"]

1. d4 Nf6 2. c4 g6 3. g3 Bg7 4. Bg2 c5 5. d5 O-O 6. Nc3 d6 7. Nf3 e6 8. O-O exd5 9. cxd5 Nbd7 10. h3 a6 11. a4 Rb8 12. Bf4 Qe7 13. Rc1 h6 14. Bd2 b5 15. axb5 axb5 16. b4 cxb4 17. Na2 Nxd5 18. Nxb4 Nxb4 19. Bxb4 Nc5 20. Nd4 Bb7 21. Nc6 Bxc6 22. Bxc6 Rb6 23. Bd5 Re8 24. Qc2 Ne6 25. e3 Kh7 26. h4 h5 27. Qa2 Nc5 28. Rfd1 Ra6 29. Qe2 Rb8 30. Rb1 Ne4 31. Qd3 Nf6 32. Bb3 Qd7 33. Rbc1 Rd8 34. Rd2 d5 35. Rdc2 Ne4 36. Rd1 Ra1 37. Rxa1 Bxa1 38. Ba5 Ra8 39. Ra2 Bg7 40. Qxd5 Qe8 41. Qxf7 Nxg3 42. Qxe8 Rxe8 43. fxg3 Rxe3 44. Bc2 Rxg3+ 45. Kf2 Rg4 46. Bd8 Bf6 47. Bxf6 Rf4+ 48. Ke3 Rxf6 49. Be4 Kg7 50. Rg2 b4 51. Rg5 Rb6 52. Kd4 b3 53. Kc3 Re6 54. Bd3 Rb6 55. Rg1 Kh6 56. Kb2 Kg7 57. Rg5 Kf7 58. Rg1 Kg7 59. Rg3 Kh6 60. Rg1 Kg7 61. Kc3 Rd6 62. Bc4 b2 63. Bd3 Rb6 64. Bb1 Kf7 65. Ba2+ Kg7 66. Bb3 b1=Q 67. Rxb1 Rf6 68. Rh1 Rf3+ 69. Kc4 Kf6 70. Bd1 Rf4+ 71. Kd3 Rf5 72. Ke3 Re5+ 73. Kf4 Rf5+ 74. Kg3 Kg7 75. Bf3 Kh6 76. Ra1 Kg7 77. Be4 Rf7 78. Ra6 Rf6 79. Ra5 Rf7 80. Bd5 Rf5 81. Ra7+ Kf8 82. Bc4 Rf6 83. Rc7 Rf5 84. Bd3 Rf6 85. Be4 Kg8 86. Bf3 Kf8 87. Rc4 Kg7 88. Kf2 Kh6 89. Rc7 g5 90. hxg5+ Kxg5 91. Rh7 Rf5 92. Rxh5+ Kf4 93. Rh4+ Kg5 94. Rg4+ Kf6 95. Ke3 Rg5 96. Ra4 Ke5 97. Ra6 Rf5 98. Be4 Rg5 99. Bf3 Rf5 100. Bg4 Rg5 101. Ra4 Kd6 102. Kf4 Rc5 103. Bf3 Rc7 104. Ra5 Rf7+ 105. Ke3 Rf6 106. Ra3 Ke5 107. Rc3 Rb6 108. Be4 Rb5 109. Bd3 Rd5 110. Rc8 Rd7 111. Be4 Ra7 112. Rc5+ Kd6 113. Rd5+ Ke6 114. Rh5 Rc7 115. Bd5+ Kd6 116. Kd4 Rc1 117. Rh6+ Kc7 118. Bc4 Rg1 119. Kc5 Rg7 120. Be6 Kd8 121. Kd6 Ra7 122. K 5 Rc7 123. Rh8+ Ke7 124. Bd5 Rd7 125. Bc6 Rc7 126. Rh6 Kd8 127. Kd6 Rd7+ 128. Kc5 Rg7 129. Re6 Re7 130. Rd6+ Kc7 131. Rh6 Re5+ 132. Bd5 Re7 133. Ra6 Kd7 134. Ra8 Kc7 135. Ra1 Kd7 136. Ra6 Kc7 137. Be6 Kd8 138. Kd5 Rc7 139. Bf5 Ke7 140. Be4 Kf7 141. Ke5 Re7+ 142. Kf5 Rc7 143. Bd5+ Ke7 144. Ke5 Rd7 1/2-1/2

[Event "Chessfriend.com"]
[Site "?"]
[Date "2003.12.03"]
[Round "1"]
[White "Umansky Mikhail Markovich ("]
[Black "Straka Zdenek"]
[Result "1-0"]
[WhiteElo "2521"]
[BlackElo "2532"]
[PlyCount "91"]
[EventDate "2003.??.??"]
[Source "www.chesslib.no"]
[SourceDate "2004.05.04"]

1. d4 Nf6 2. c4 c5 3. d5 e6 4. Nc3 exd5 5. cxd5 d6 6. Nf3 g6 7. g3 Bg7 8. Bg2 O-O 9. O-O Nbd7 10. Bf4 Qe7 11. Re1 a6 12. a4 h6 13. e4 Ng4 14. a5 Nge5 15. Nxe5 Nxe5 16. Na4 b5 17. axb6 Bd7 18. Bd2 Nc4 19. Bc3 Nxb2 20. Bxb2 Bxa4 21. Rxa4 Bxb2 22. e5 Rfb8 23. e6 Rxb6 24. exf7+ Qxf7 25. Re6 Rb4 26. Rxb4 cxb4 27. Rxd6 Bg7 28. Be4 g5 29. Rg6 Re8 30. Qd3 b3 31. d6 b2 32. Kg2 Rxe4 33. Qxe4 a5 34. d7 Qxd7 35. Ra6 Qc7 36. Ra8+ Bf8 37. Qf3 Qg7 38. Rb8 a4 39. Qd5+ Qf7 40. Qxf7+ Kxf7 41. Rxb2 Ke6 42. Rb5 Bd6 43. Kf3 a3 44. Ke4 g4 45. Rb6 h5 46. Ra6 1-0

[Event "Linares ESP"]
[Site "Linares ESP"]
[Date "1988.??.??"]
[Round "?"]
[White "Nikolic, Zivoslav"]
[Black "Hjartarson, Johann"]
[Result "1/2-1/2"]
[WhiteElo "2455"]
[BlackElo "2590"]
[PlyCount "80"]
[EventDate "1988.??.??"]
[Source "www.chesslib.no"]
[SourceDate "2004.05.04"]

1. d4 Nf6 2. c4 e6 3. g3 c5 4. d5 exd5 5. cxd5 d6 6. Nc3 g6 7. Bg2 Bg7 8. Nf3 O-O 9. O-O a6 10. a4 Nbd7 11. Bf4 Qc7 12. Rc1 Re8 13. b4 Nh5 14. Bg5 h6 15. Be3 Rxe3 16. fxe3 cxb4 17. Ne4 Qb6 18. Nd4 a5 19. Qc2 f5 20. Nf2 Nc5 21. g4 Nf4 22. gxf5 b3 23. Qc4 Nxg2 24. Kxg2 Bxf5 25. Nxf5 gxf5 26. Qf4 b2 27. Rb1 Qb3 28. e4 Qxa4 29. Qxd6 Nxe4 30. Qe6+ Kh8 31. Rxb2 Bxb2 32. Qxh6+ Kg8 33. Qe6+ Kg7 34. Qxf5 Nf6 35. Rb1 Qd4 36. Nd3 Nxd5 37. Kh1 Ne7 38. Qg5+ Ng6 39. Rxb2 b6 40. Qg1 Qg4 1/2-1/2

[Event "JUG-ch52"]
[Site "Niksic"]
[Date "1997.??.??"]
[Round "7"]
[White "Drasko, Milan"]
[Black "Kovacevic, Aleksandar"]
[Result "1/2-1/2"]
[WhiteElo "2555"]
[BlackElo "2485"]
[PlyCount "127"]
[EventDate "1997.??.??"]
[Source "www.chesslib.no"]
[SourceDate "2004.05.04"]

1. d4 Nf6 2. c4 c5 3. d5 e6 4. Nc3 exd5 5. cxd5 d6 6. Nf3 g6 7. g3 Bg7 8. Bg2 O-O 9. O-O a6 10. a4 Nbd7 11. Bf4 Qc7 12. Rc1 Re8 13. b4 Nh5 14. Bd2 b6 15. Re1 Bb7 16. e4 Rac8 17. Bh3 Nhf6 18. bxc5 bxc5 19. Qc2 Rb8 20. Nb1 Bc8 21. Na3 Ne5 22. Nxe5 Bxh3 23. Nc6 Rb7 24. Nc4 Qd7 25. f3 Rc8 26. Bc3 h5 27. a5 Rxc6 28. dxc6 Qxc6 29. Rcd1 Ne8 30. Bxg7 Kxg7 31. Qd3 Rd7 32. g4 hxg4 33. Ne5 c4 34. Nxc6 cxd3 35. f4 Rc7 36. Nb4 Rc5 37. Nxd3 Rxa5 38. Ra1 Rb5 39. Rxa6 g3 40. hxg3 Rb3 41. Re3 Be6 42. Ra4 Nf6 43. Rd4 d5 44. exd5 Bxd5 45. Kf1 Ra3 46. Ke2 Ra2+ 47. Ke1 Ra1+ 48. Kd2 Ra2+ 49. Kc3 Rg2 50. Nc5 Bc6 51. Kc4 Rc2+ 52. Rc3 Rb2 53. Nb3 Rg2 54. Rd2 Rg1 55. Nc5 Be4 56. Kd4 Bf5 57. Re2 Rd1+ 58. Kc4 Bg4 59. Re5 Bf5 60. Re2 Bh3 61. Kb3 Bf5 62. Rce3 Nd5 63. Re5 Nf6 64. Re1 1/2-1/2

[Event "GEO-ch"]
[Site "?"]
[Date "2001.04.06"]
[Round "5.1"]
[White "Bagaturov Giorgi"]
[Black "Jobava Baadur"]
[Result "1/2-1/2"]
[WhiteElo "2519"]
[BlackElo "2518"]
[PlyCount "76"]
[EventDate "2001.??.??"]
[Source "www.chesslib.no"]
[SourceDate "2004.05.04"]

1. d4 Nf6 2. c4 g6 3. Nf3 Bg7 4. g3 O-O 5. Bg2 c5 6. Nc3 d6 7. d5 e6 8. O-O exd5 9. cxd5 a6 10. a4 Nbd7 11. h3 Re8 12. Bf4 Nb6 13. Qb3 Rb8 14. Rfe1 Bf5 15. Nh4 Be4 16. Nxe4 Nxe4 17. a5 Na8 18. Qc2 f5 19. Nf3 b6 20. axb6 Qxb6 21. Ra2 Nc7 22. Nd2 Nxd2 23. Qxd2 Be5 24. Bxe5 Rxe5 25. e3 Qb4 26. Qxb4 Rxb4 27. Rd1 g5 28. Bf1 f4 29. exf4 gxf4 30. g4 Rxd5 31. Rxd5 Nxd5 32. Bxa6 c4 33. Bc8 Kf7 34. Bf5 h6 35. Ra6 Rb6 36. Ra4 Rb4 37. Ra6 Rb6 38. Ra4 Rb4 1/2-1/2

[Event "67th ch-GEO KO"]
[Site "Tbilisi GEO"]
[Date "2008.03.23"]
[Round "3.3"]
[White "Arutinian, D."]
[Black "Margvelashvili, G."]
[Result "1/2-1/2"]
[WhiteElo "2576"]
[BlackElo "2455"]
[PlyCount "95"]
[EventDate "2008.03.15"]
[Source "www.chesslib.no"]
[SourceDate "2004.05.04"]

1. d4 Nf6 2. c4 e6 3. g3 c5 4. d5 exd5 5. cxd5 d6 6. Bg2 g6 7. Nf3 Bg7 8. O-O O-O 9. Nc3 a6 10. a4 Nbd7 11. Bf4 Qe7 12. Qb3 Rb8 13. Rfe1 Re8 14. e4 Nh5 15. Bg5 Qf8 16. h3 Ne5 17. Nxe5 Rxe5 18. Be3 f5 19. f4 Re8 20. Bf2 b5 21. axb5 axb5 22. exf5 Rxe1+ 23. Rxe1 gxf5 24. Qc2 Bd7 25. Bf1 Bf6 26. Kh2 Ng7 27. Ra1 b4 28. Nd1 Ra8 29. Rxa8 Qxa8 30. b3 Qa1 31. Bc4 Bd4 32. Qe2 Kf8 33. g4 Bxf2 34. Nxf2 fxg4 35. hxg4 Qf6 36. Qf3 Qh4+ 37. Kg2 h5 38. g5 Bg4 39. Qd3 Nf5 40. Ba6 Nd4 41. Qh7 Bf3+ 42. Kf1 Qxf4 43. Qh8+ Ke7 44. Qh7+ Kf8 45. Qh8+ Ke7 46. Qh7+ Ke8 47. Qg6+ Ke7 48. Qh7+ 1/2-1/2

[Event "JUG-chT"]
[Site "Niksic"]
[Date "1996.??.??"]
[Round "?"]
[White "Ilincic, Zlatko"]
[Black "Pavlovic, Milos"]
[Result "1-0"]
[WhiteElo "2520"]
[BlackElo "2505"]
[PlyCount "89"]
[EventDate "1996.??.??"]
[Source "www.chesslib.no"]
[SourceDate "2004.05.04"]

1. d4 Nf6 2. c4 e6 3. Nf3 c5 4. d5 exd5 5. cxd5 d6 6. Nc3 g6 7. g3 Bg7 8. Bg2 O-O 9. O-O Re8 10. Nd2 Nbd7 11. a4 Ne5 12. f4 Neg4 13. Nc4 Bf5 14. h3 Nh6 15. e3 Ne4 16. Nxe4 Bxe4 17. Bxe4 Rxe4 18. Qd3 f5 19. Bd2 Qd7 20. Bc3 b5 21. axb5 Bxc3 22. Qxc3 Rb8 23. Ra5 Nf7 24. Rfa1 Rb7 25. Kf2 h5 26. b3 Qe7 27. b6 axb6 28. Ra8+ Kh7 29. Nd2 g5 30. Nxe4 Qxe4 31. Qc4 Qe7 32. Qc2 Nh6 33. Rc8 gxf4 34. exf4 Qf6 35. Rd1 Re7 36. Rd3 Qg6 37. Qc3 Rg7 38. Re3 h4 39. Qd3 Ra7 40. Qe2 Rg7 41. Rce8 Ng8 42. R8e6 Nf6 43. Kg2 hxg3 44. Rxd6 Qf7 45. Ree6 1-0

[Event "Neubrandenburg op"]
[Site "Neubrandenburg"]
[Date "1998.05.10"]
[Round "6"]
[White "Stern, Rene"]
[Black "Enders, Peter"]
[Result "0-1"]
[WhiteElo "2495"]
[BlackElo "2525"]
[PlyCount "86"]
[EventDate "1998.05.07"]
[Source "ChessBase"]
[SourceDate "1998.09.09"]

1. d4 Nf6 2. c4 c5 3. d5 e6 4. Nc3 exd5 5. cxd5 d6 6. Nf3 g6 7. g3 Bg7 8. Bg2 O-O 9. O-O Re8 10. Nd2 Nbd7 11. h3 Rb8 12. a4 a6 13. Nc4 Nb6 14. Na3 Bd7 15. a5 Nc8 16. Nc4 Bb5 17. Qb3 Qd7 18. Re1 b6 19. axb6 Nxb6 20. Na5 Na8 21. Qc2 Nc7 22. Bd2 h5 23. Nc6 Bxc6 24. dxc6 Qc8 25. Bf4 Rd8 26. Rad1 Qe6 27. Kh2 Rb4 28. e4 Nfe8 29. e5 d5 30. Ne4 Qxc6 31. Qxc5 Qxc5 32. Nxc5 Rxb2 33. Kg1 Bf8 34. Rc1 Rb5 35. Bg5 Ra8 36. Nd7 Ne6 37. Be3 Be7 38. Bf1 Rb2 39. Red1 N8c7 40. Bb6 Rd8 41. Bxc7 Rxd7 42. Bd6 Bxd6 43. Rxd5 Rc7 0-1

[Event "Mirko Srajber mem 8th"]
[Site "Subotica"]
[Date "2003.12.04"]
[Round "7"]
[White "Ilincic, Zlatko"]
[Black "Popovic, Dusan"]
[Result "1-0"]
[WhiteElo "2564"]
[BlackElo "2448"]
[PlyCount "77"]
[EventDate "2003.11.06"]
[Source "ChessBase"]
[SourceDate "2004.03.30"]

1. d4 Nf6 2. c4 c5 3. d5 e6 4. Nc3 exd5 5. cxd5 d6 6. g3 g6 7. Bg2 Bg7 8. Nf3 O-O 9. O-O a6 10. a4 Nbd7 11. a5 Re8 12. Nd2 Rb8 13. e4 b5 14. axb6 Nxb6 15. Qc2 Nfd7 16. Nd1 c4 17. Nxc4 Nxc4 18. Qxc4 Nc5 19. Re1 a5 20. Ra3 f5 21. Bd2 Ba6 22. Qc2 fxe4 23. Bxa5 Qg5 24. Qd2 Qxd2 25. Bxd2 Bc4 26. b4 Nb3 27. Bf4 Bxd5 28. Ne3 Bf7 29. Bxd6 Rb6 30. Rd1 Rd8 31. Bc7 Rxd1+ 32. Nxd1 Rc6 33. Ra8+ Bf8 34. Bf4 g5 35. Bxg5 Re6 36. Bh3 Rd6 37. Ne3 Nd4 38. Be7 Nf3+ 39. Kg2 1-0

[Event "Swidnica 82/67"]
[Site "?"]
[Date "2001.??.??"]
[Round "?"]
[White "Poluljahov, A."]
[Black "Dydyshko, V."]
[Result "0-1"]
[WhiteElo "2506"]
[BlackElo "2505"]
[PlyCount "78"]
[EventDate "2001.??.??"]
[Source "Chess Informant"]
[SourceDate "2001.06.01"]

1. d4 Nf6 2. c4 e6 3. g3 c5 4. d5 exd5 5. cxd5 d6 6. Nc3 g6 7. Bg2 Bg7 8. Nf3 O-O 9. O-O a6 10. a4 Nbd7 11. Bf4 Qc7 12. Rc1 Re8 13. b4 Nh5 14. Bd2 Qb6 15. bxc5 Nxc5 16. Rb1 Qc7 17. Rb4 Bd7 18. Nd4 Rac8 19. Qb1 Qd8 20. Rc1 Rc7 21. a5 Re7 22. Nb3 Nxb3 23. Rxb3 Bc8 24. e4 f5 25. Rb6 Rc5 26. exf5 Bxf5 27. Qb4 Qc8 28. Na2 Rxc1+ 29. Nxc1 Qc2 30. h3 Be5 31. f4 Bg7 32. Rxd6 Re8 33. Re6 Bxe6 34. dxe6 Nxg3 35. Qxb7 Qd1+ 36. Kh2 Nf1+ 37. Bxf1 Qxd2+ 38. Kh1 Qxf4 39. Kg2 Rf8 0-1

[Event "62/75 <Stohl,I"]
[Site "Erfurt 62/75 <Stohl,I"]
[Date "1994.??.??"]
[Round "?"]
[White "Stohl, Igor"]
[Black "Enders, Peter"]
[Result "1/2-1/2"]
[WhiteElo "2560"]
[BlackElo "2450"]
[PlyCount "89"]
[EventDate "1994.??.??"]
[Source "www.chesslib.no"]
[SourceDate "2004.05.04"]

1. Nf3 g6 2. c4 Bg7 3. d4 Nf6 4. Nc3 c5 5. d5 d6 6. g3 O-O 7. Bg2 e6 8. O-O exd5 9. cxd5 Nbd7 10. Bf4 Qe7 11. h3 Nh5 12. Bg5 f6 13. Bd2 f5 14. Qc2 Nb6 15. Rad1 Bd7 16. e4 Rae8 17. Rfe1 Bxc3 18. Bxc3 fxe4 19. Nd2 Nxd5 20. Nxe4 Nxc3 21. Qxc3 Qf7 22. Qd2 b6 23. Nxd6 Rxe1+ 24. Rxe1 Qg7 25. Re3 Kh8 26. Qe2 Qf6 27. Ne4 Qg7 28. Ng5 Qd4 29. Rd3 Qg7 30. Re3 Qd4 31. Nf3 Qd6 32. Ne5 Bf5 33. Qe1 Nf6 34. g4 Bc8 35. Qc3 g5 36. Nc4 Qf4 37. Rf3 Qd4 38. Qxd4 cxd4 39. Rd3 h5 40. gxh5 Nxh5 41. Rxd4 Nf4 42. Kh2 Kg7 43. Nd6 Be6 44. Ne4 Kg6 45. Rd6 1/2-1/2

[Event "Jugoslavija"]
[Site "?"]
[Date "1997.??.??"]
[Round "?"]
[White "Drasko, M."]
[Black "Petronic, J."]
[Result "1/2-1/2"]
[WhiteElo "2520"]
[BlackElo "2490"]
[PlyCount "43"]
[EventDate "1997.??.??"]
[Source "ChessBase"]
[SourceDate "1997.06.01"]

1. d4 Nf6 2. Nf3 g6 3. c4 Bg7 4. g3 c5 5. d5 d6 6. Nc3 O-O 7. Bg2 e6 8. O-O exd5 9. cxd5 a6 10. a4 Nbd7 11. Bf4 Qe7 12. h3 Rb8 13. Rb1 Nh5 14. Bg5 f6 15. Bd2 f5 16. Qc2 Nhf6 17. b4 cxb4 18. Rxb4 Nc5 19. Nd4 Bd7 20. Qb1 Rbc8 21. a5 Rc7 22. Rd1 1/2-1/2

[Event "Ibercaja Open"]
[Site "Zaragoza"]
[Date "1994.??.??"]
[Round "4"]
[White "Marin, Mihail"]
[Black "Franco Ocampos, Zenon"]
[Result "0-1"]
[WhiteElo "2530"]
[BlackElo "2475"]
[PlyCount "80"]
[EventDate "1994.04.??"]
[Source "www.chesslib.no"]
[SourceDate "2004.05.04"]

1. d4 Nf6 2. c4 e6 3. g3 c5 4. d5 exd5 5. cxd5 d6 6. Nc3 g6 7. Bg2 Bg7 8. Nf3 O-O 9. O-O a6 10. a4 Nbd7 11. Bf4 Qe7 12. h3 Rb8 13. Rb1 h6 14. Qc2 Nh5 15. Bd2 Ne5 16. Nxe5 Qxe5 17. b4 Bf5 18. e4 cxb4 19. Rxb4 Bd7 20. f4 Qe7 21. Qd3 Rfc8 22. g4 Nf6 23. e5 dxe5 24. d6 Qe8 25. f5 g5 26. h4 a5 27. Re4 Qd8 28. hxg5 hxg5 29. Re3 Bc6 30. Rg3 e4 31. Bxe4 Bxe4 32. Nxe4 Nxe4 33. Qxe4 Qxd6 34. Rd3 Qf6 35. Bxa5 Re8 36. Qf3 Ra8 37. Bc7 Rxa4 38. Rd6 Qe7 39. f6 Qxc7 40. fxg7 Rf4 0-1